Taller protegido Alborada.

Organización y actividades que realiza Alborada. Historia de la Institución. Escuela especial y taller protegido: forma de trabajo. Educación especial. El lugar de niños y niñas con discapacidad en la sociedad. Producción del taller.

Guardado en:
Formato: Deslizar
Materias:
Etiquetas: Agregar Etiqueta
Sin Etiquetas, Sea el primero en etiquetar este registro!
LEADER 01002ngm a22002535g 4500
001 CEM.cems021701
008 130507b1992##################0###0#####d
005 20240904154904.0
245 0 0 |a Taller protegido Alborada. 
300 |a 60 
500 |a En soporte VHS, consultar en ventanilla. 
538 |a Soporte: VHS - Norma: Pal N - Color - Grabación DRD 1992 - Hitachi=3025 
520 |a Organización y actividades que realiza Alborada. Historia de la Institución. Escuela especial y taller protegido: forma de trabajo. Educación especial. El lugar de niños y niñas con discapacidad en la sociedad. Producción del taller. 
082 3 7 |. 9/DIS 
653 |a EDUCACION 
653 |a EDUCACION ESPECIAL 
653 |a ALBORADA 
653 |a ARGENTINA-EDUCACION 
653 |a BAHIA BLANCA-EDUCACION 
653 |a DISCAPACIDAD 
653 |a ESCUELA ESPECIAL 
653 |a TALLER PROTEGIDO 
653 |a NIVEL SECUNDARIO 
859 |a CEMS  |b BIB. CEMS - Depto. Recursos Didacticos  |h 371.9  |i DIS  |k DRD  |p 344.12  |t Ej.1